Rozpoznaj polskie miasta po zdjęciach #1 - Statystyki

Ogólne statystyki
  • Ten quiz został rozwiązany 334 razy
  • Średni wynik to 10 z 15
Statystyki odpowiedzi
Obrazkowy Odpowiedź % Poprawnych
Warszawa
92%
Zakopane
90%
Wrocław
89%
Gdańsk
85%
Poznań
85%
Szczecin
69%
Łódź
67%
Bydgoszcz
64%
Częstochowa
58%
Białystok
55%
Wałbrzych
52%
Rzeszów
51%
Opole
43%
Zielona Góra
36%
Jelenia Góra
34%
Nie znaleziono quizów pasujących do podanych kryteriów
Rozkład punktacji
Procent ludzi z każdym wynikiem
Percentyl według liczby udzielonych odpowiedzi
Twoja historia wyników
Nie rozwiązałeś tego quizu